000
00344 a2200169 4500
001
186961
020
_a
040
_c
Magnum
100
_a
Coelho, Ronaldo Simões
240
1
0
_a
Troca de segredos
_l
por
245
1
0
_a
Troca de segredos
300
_a
15
362
0
_a
1995
440
1
_a
Lê
697
_a
LITERATURA INFANTO
942
_c
BK
999
_c
186961
_d
186961